| 000 | 01240cam a2200349 a 4500 | ||
|---|---|---|---|
| 001 | 15575236 | ||
| 003 | ARRUPE | ||
| 005 | 20131212132845.0 | ||
| 008 | 090105s2009 enk b 001 0deng | ||
| 010 | _a 2008053026 | ||
| 015 |
_aGBA933836 _2bnb |
||
| 016 | 7 |
_a015103976 _2Uk |
|
| 020 | _a9781847061867 (hbk.) | ||
| 020 | _a1847061869 (hbk.) | ||
| 020 | _a9781847061874 (pbk.) | ||
| 020 | _a1847061877 (pbk.) | ||
| 035 | _a(OCoLC)ocn277203988 | ||
| 040 |
_aDLC _cDLC _dBTCTA _dYDXCP _dUKM _dBWKUK _dBWK _dBWX _dDLC |
||
| 050 | 0 | 0 |
_aB1348 _b.J66 2009 |
| 082 | 0 | 0 |
_a192 _222 |
| 100 | 1 |
_aJones, Nick, _d1974- _95574 |
|
| 245 | 1 | 0 |
_aStarting with Berkeley / _cNick Jones. |
| 260 |
_aLondon ; _aNew York : _bContinuum, _cc2009. |
||
| 300 |
_aviii, 191 p. ; _c23 cm. |
||
| 440 | 0 |
_aStarting with... _95575 |
|
| 504 | _aIncludes bibliographical references and index. | ||
| 600 | 1 | 0 |
_aBerkeley, George, _d1685-1753. _95576 |
| 700 | 1 |
_aBerkeley, George, _d1685-1753. _95577 |
|
| 906 |
_a7 _bcbc _corignew _d1 _eecip _f20 _gy-gencatlg |
||
| 942 |
_2lcc _cMONOGRAPH |
||
| 999 |
_c119224 _d119224 |
||